Recursos naturales, subdesarrollo y deterioro ambiental /
Sparad:
| Huvudupphovsman: | |
|---|---|
| Övriga upphovsmän: | |
| Materialtyp: | Text |
| Ämnen: | |
| Taggar: |
Lägg till en tagg
Inga taggar, Lägg till första taggen!
|
MARC
| LEADER | 00000 a a2200000 04500 | ||
|---|---|---|---|
| 001 | 41782 | ||
| 003 | |||
| 040 | |||
| 100 | |a González Salazar, Gloria | ||
| 245 | |a Recursos naturales, subdesarrollo y deterioro ambiental / |c Gloria González Salazar | ||
| 650 | |a RECURSOS NATURALES | ||
| 650 | |a DETERIORO AMBIENTAL | ||
| 650 | |a MEDIO AMBIENTE | ||
| 650 | |a SUBDESARROLLO | ||
| 650 | |a AMERICA LATINA | ||
| 650 | |a CAPITALISMO | ||
| 650 | |a EMPRESAS TRANSNACIONALES | ||
| 700 | |a Bassols Batalla, Angel | ||
| 773 | |g volumen12, número45 (1981), páginas 17-45 | ||
| 999 | |c 25563 |d 25563 | ||
